<?xml version="1.0" encoding="UTF-8"?>
<marc:record xmlns:marc="http://www.loc.gov/MARC21/slim">
   <marc:leader>00000nam a2200000 a 4500</marc:leader>
   <marc:datafield ind1="1" ind2=" " tag="100">
      <marc:subfield code="a">Renn, Ortwin</marc:subfield>
      <marc:subfield code="4">ctb</marc:subfield>
      <marc:subfield code="e">Mitwirkende/-r</marc:subfield>
   </marc:datafield>
   <marc:datafield ind1=" " ind2=" " tag="653">
      <marc:subfield code="a">Risikoanalyse</marc:subfield>
   </marc:datafield>
   <marc:datafield ind1=" " ind2=" " tag="653">
      <marc:subfield code="a">Risikomanagement</marc:subfield>
   </marc:datafield>
   <marc:datafield ind1=" " ind2=" " tag="653">
      <marc:subfield code="a">Sozialökologie</marc:subfield>
   </marc:datafield>
   <marc:datafield ind1=" " ind2=" " tag="653">
      <marc:subfield code="a">Risiko</marc:subfield>
   </marc:datafield>
   <marc:datafield ind1=" " ind2=" " tag="653">
      <marc:subfield code="a">Soziologie</marc:subfield>
   </marc:datafield>
   <marc:datafield ind1=" " ind2=" " tag="653">
      <marc:subfield code="a">Technik/Natur</marc:subfield>
   </marc:datafield>
   <marc:datafield ind1=" " ind2=" " tag="653">
      <marc:subfield code="a">Gesellschaft/Allgemeines</marc:subfield>
   </marc:datafield>
   <marc:datafield ind1=" " ind2=" " tag="653">
      <marc:subfield code="a">Nachschlagewerke</marc:subfield>
   </marc:datafield>
   <marc:datafield ind1="0" ind2="0" tag="245">
      <marc:subfield code="a">Risiko</marc:subfield>
   </marc:datafield>
   <marc:datafield ind1="0" ind2="0" tag="245">
      <marc:subfield code="b">über den gesellschaftlichen Umgang mit Unsicherheit</marc:subfield>
   </marc:datafield>
   <marc:datafield ind1="0" ind2="0" tag="245">
      <marc:subfield code="c">Ortwin Renn ...</marc:subfield>
   </marc:datafield>
   <marc:datafield ind1=" " ind2="1" tag="264">
      <marc:subfield code="a">München</marc:subfield>
      <marc:subfield code="b">Oekom-Verl.</marc:subfield>
      <marc:subfield code="c">2007</marc:subfield>
   </marc:datafield>
   <marc:datafield ind1="1" ind2=" " tag="520">
      <marc:subfield code="a">Angaben aus der Verlagsmeldung

Risiko : Über den gesellschaftlichen Umgang mit Unsicherheit / von Ortwin Renn, Pia J Schweizer, Marion Dreyer, Andreas Klinke

Ob Terror, Nanotechnologie oder Klimawandel - die Öffentlichkeit ist häufig einem Wechselbad aus Schreckensnachrichten, euphorischen Innovationsberichten, Dramatisierungen und Verharmlosungen ausgesetzt. Die Folge ist schlichtweg Verunsicherung. Das Wirrwarr sich widersprechender Aussagen wirft Fragen auf:
Welche Risiken birgt die moderne Welt wirklich? Wie kann man Risiken messen und bewerten? Können Frühwarnsysteme helfen, um Lebensmittelkrisen, Umweltschäden oder Naturkatastrophen zu verhindern?
Dieses Buch gibt wissenschaftlich fundierte, praxisnahe und politisch umsetzbare Antworten. Im Vordergrund steht die Integration unterschiedlicher Disziplinen, die sich mit dem vielseitigen Begriff „Risiko“ befassen - von der Berechnung der Eintrittswahrscheinlichkeit bis zur menschlichen Reaktion auf riskante Situationen. So entstand das erste deutschsprachige Standardwerk zu Risikoanalyse, -wahrnehmung und -management. Es präsentiert ein umfassendes sozial-ökologisches Konzept, wie die Gesellschaft Risiken erfassen und ihnen adäquat begegnen kann.
</marc:subfield>
   </marc:datafield>
   <marc:datafield ind1=" " ind2=" " tag="020">
      <marc:subfield code="a">9783865810670</marc:subfield>
      <marc:subfield code="9">9783865810670</marc:subfield>
   </marc:datafield>
   <marc:datafield ind1=" " ind2=" " tag="020">
      <marc:subfield code="a">3865810675</marc:subfield>
      <marc:subfield code="9">3865810675</marc:subfield>
   </marc:datafield>
   <marc:datafield ind1=" " ind2=" " tag="041">
      <marc:subfield code="a">ger</marc:subfield>
   </marc:datafield>
   <marc:datafield ind1=" " ind2=" " tag="300">
      <marc:subfield code="a">271 S.</marc:subfield>
   </marc:datafield>
</marc:record>
